| 000 | 00619nam a2200205Ia 4500 | ||
|---|---|---|---|
| 003 | GCL | ||
| 008 | 140319s9999 xx 000 0 ara d | ||
| 040 |
_aGCL / _cGCL |
||
| 082 | 0 | 4 |
_aق _b962.072 _bا ت |
| 100 | 1 | _aالاتحاد الاشتراكى العربى | |
| 245 | 1 | 0 |
_aتصحيح مسار الثورة 15 مايو 1971 - 15 مايو 1973 / _cالاتحاد الاشتراكى العربى |
| 300 | _a63 ص | ||
| 490 | _a | ||
| 650 | 0 | 4 | _aالعصر الحديث |
| 650 | 0 | 4 | _aمصر |
| 650 | 0 | 4 | _aتاريخ |
| 650 | 0 | 4 | _aالعصر الحجرى |
| 650 | 0 | 4 | _aثورة التصحيح |
| 942 |
_2ddc _cBK |
||
| 999 |
_c38225 _d38225 |
||